Stolice Afryki - Klikanie - Statystyki

Ogólne statystyki
  • Ten quiz został rozwiązany 28 razy
    10 od ostatniego zresetowania
  • Średni wynik to 32 z 54
Statystyki odpowiedzi
Hint Odpowiedź % Poprawnych
Egipt Kair
100%
Nigeria Abudża
86%
Algieria Algier
86%
Republika Południowej Afryki Bloemfontein/Kapsztad/Pretoria
86%
Sudan Chartum
86%
Senegal Dakar
86%
Maroko Rabat
86%
Etiopia Addis Abeba
71%
Ghana Akra
71%
Madagaskar Antananarywa
71%
Dżibuti Dżibuti
71%
Demokratyczna Republika Konga Kinszasa
71%
Somalia Mogadiszu
71%
Kenia Nairobi
71%
Libia Trypolis
71%
Tunezja Tunis
71%
Erytrea Asmara
57%
Gambia Bandżul
57%
Republika Środkowoafrykańska Bangi
57%
Gwinea Bissau Bissau
57%
Tanzania Dodoma
57%
Sudan Południowy Dżuba
57%
Sierra Leone Freetown
57%
Botswana Gaborone
57%
Wybrzeże Kości Słoniowej Jamusukro
57%
Uganda Kampala
57%
Rwanda Kigali
57%
Malawi Lilongwe
57%
Togo Lomé
57%
Angola Luanda
57%
Mozambik Maputo
57%
Liberia Monrovia
57%
Komory Moroni
57%
Mauretania Nawakszut
57%
Czad Ndżamena
57%
Republika Zielonego Przylądka Praia
57%
Wyspy Świętego Tomasza i Książęca São Tomé
57%
Seszele Victoria
57%
Burkina Faso Wagadugu
57%
Namibia Windhuk
57%
Mali Bamako
43%
Kongo Brazzaville
43%
Gwinea Równikowa Ciudad de la Paz
43%
Burundi Gitega
43%
Zimbabwe Harare
43%
Kamerun Jaunde
43%
Gwinea Konakry
43%
Lesotho Maseru
43%
Niger Niamey
43%
Mauritius Port Louis
43%
Benin Porto-Novo
43%
Gabon Libreville
29%
Zambia Lusaka
29%
Eswatini Mbabane
29%
Nie znaleziono quizów pasujących do podanych kryteriów
Rozkład punktacji
Procent ludzi z każdym wynikiem
Percentyl według liczby udzielonych odpowiedzi
Twoja historia wyników
Nie rozwiązałeś tego quizu od ostatniego zresetowania